00748nam a2200229Ia 4500001000600000003000900006008004100015040001300056040001300069041001300082100002100095100002900116245010700145245006500252250001100317260001100328260001800339260004900357300005700406650002400463650003100487G8627IT-RoPAU130308s9999 xx 000 0 und d aIT-RoPAU cIT-RoPAU aITALIANO aDe Stasio Loreta gCodice Aut. SPICS: 55920 aEls Joglars e i giullari: tra commedia dell'arte e teatro della transizione alla democrazia spagnola bIncontri di Culture. La Semiotica tra Frontiere e Traduzioni a1a ed. aTORINO bUtet Libreria c2001 [1° Ed.:2001 - Ed.Ling.Originale:2001] a"8 p. (prefazione: no ; testo: 8 [pagine: 269-276])" aSAGGI DI SEMIOLOGIA eCodice materia Spics: 3257